000 00371nam a22001337a 4500
003 OSt
005 20250808114159.0
008 230920b |||||||| |||| 00| 0 eng d
040 _cCO-JMCR
082 0 4 _aC
_bARMh
100 1 0 _aHarrison, Paul,
_eautor
_910798
245 _aArmored Dinosaurs :
_band their scary spikes, spines, and honors /
_cPaul Harrison
942 _2ddc
_cBK
999 _c30267
_d16651